000 01259cam a22003857a 4500
001 9305
003 FISKH
005 20251209154406.0
008 120403s2013 flua b 000 1 eng d
010 _a 2012936784
020 _a9781618101839
020 _a1618101838
020 _a9781618103161
_qsoft
020 _a1618103164
_qsoft
040 _aBTCTA
_beng
_cBTCTA
_dJQM
050 _aR6510
082 _a823
100 1 _aRobertson, J. Jean.
245 1 0 _aVote for me! /
_cby J. Jean Robertson ; illustrated by Marc Mones.
260 _aVero Beach :
_bRourke Educational Media,
_c2013.
300 _a24 pages :
_bcolor illustrations ;
_c21 cm
490 1 _aLittle birdie books
505 _aN
520 _aPriscilla Pony organizes the tasks needed to make posters for the new school President. Everyone works together and the job is a success.
521 8 _a550
_bLexile
521 8 _aN
_bRaz-Plus
650 1 _aElections
_vFiction.
650 1 _aSchools
_vFiction.
650 1 _aAnimals
_vFiction.
655 7 _aFiction.
_2lcgft
_0https://id.loc.gov/authorities/genreForms/gf2014026339
700 1 _aMones, Marc,
_eillustrator
906 _a7
_bcbc
_ccopycat
_d4
_eepcn
_f20
_gy-gencatlg
942 _2ddc
_cBK
_n0
999 _c9305
_d9305